00717nam a2200181 a 450000100100000000500170001000800410002702000150006804000250008308200150010811001030012324500520022626000980027830000200037604900090039695201130040599900170051800002950220200930055610.0110418s2000 dr 000 0 spa d a9769502758 aDO-SdBNPbspacBNPHU axxxbR426r1 aRepública DominicanabComisión Presidencial para la Reforma y Modernización del Estado9708910aReconversión organizacional de la D. G. I. I. aSanto Domingo :bComisión Presidencial para la Reforma y Modernización del Estado,c2000. a45 p. ;c22 cm. aBNPD 0010718PDaPDbPDcCTd2011-04-18iLF1l0oxxx R426rp29502-10r2020-06-25w2020-06-25yLFPDZNo se presta c28994d28994